El delito de fraude del funcionario público

Tallennettuna:
Bibliografiset tiedot
Päätekijä: Benavides Schiller, Andrés (Tekijä)
Aineistotyyppi: Kirja
Kieli:espanja
Julkaistu: s.l. Bosch Editor 2016
Aiheet:
Tagit: Lisää tagi
Ei tageja, Lisää ensimmäinen tagi!

MARC

LEADER 00000cam a2200000 a 4500
001 UCC1505
003 CL-VaPUC
005 20220121074009.0
008 171104e20160000sp |||||||||||||||||spa|d
999 |c 369983  |d 369981 
020 |a 9788494479038 
040 |c Pontificia Universidad Católica de Valparaíso 
082 0 4 |a 364.163 BEN 2016  |2 21 
100 0 |a Benavides Schiller, Andrés  |e author  |9 595599 
245 1 3 |a El delito de fraude del funcionario público 
260 |a s.l.  |b Bosch Editor  |c 2016 
300 |a 353 páginas 
583 |a last modification  |c 20171104 20:09:00  |k Rodrigo Vera 
650 7 |a FRAUDE  |2 CL-VaPUC  |9 258623 
650 0 |a Derecho y legislación   |9 255077 
650 0 |a Deudor y acreedor  |9 256643 
650 0 |a Funcionarios públicos  |9 405107 
942 |c BK  |2 ddc 
945 |d 20171104 20:09:00  |a dcastane 
952 |0 0  |1 0  |3 erb  |4 0  |6 364_163000000000000_BEN_2016  |7 0  |8 A  |9 486194  |a BIBDER  |b BIBDER  |i 5433053  |l 4  |m 2  |o 364.163 BEN 2016  |p 5433053  |q 2025-12-31  |r 2024-03-19  |s 2024-03-19  |w 2019-11-24  |y BK  |z Catalogado en:20171104  |k DER